Automobilový priemysel v čase hospodárskej krízy : východiská pre riadenie výkonnosti

Súčasná situácia v automobilovom priemysle. Profitabilita a bankroty, najvýznamnejšie príčiny bankrotov. Náklady a investície. Príležitosť úspory nákladov v budúcnosti. Trendy v automobilovom priemysle. Dôležitosť nákupných kritérií pre zákazníkov. Riadenie výkonnosti podnikov automobilového priemys...

Descrizione completa

Salvato in:
Dettagli Bibliografici
Autore principale: Kicáková, Katarína
Natura: Capitolo di libro
Lingua:slovacco
Soggetti:
Tags: Aggiungi Tag
Nessun Tag, puoi essere il primo ad aggiungerne!!

MARC

LEADER 00000nla$a2200000$$$4500
001 0117756
005 20240502072321.6
041 0 |a slo 
044 |a SK 
245 1 0 |a Automobilový priemysel v čase hospodárskej krízy : východiská pre riadenie výkonnosti  |c Katarína Kicáková 
520 |a Súčasná situácia v automobilovom priemysle. Profitabilita a bankroty, najvýznamnejšie príčiny bankrotov. Náklady a investície. Príležitosť úspory nákladov v budúcnosti. Trendy v automobilovom priemysle. Dôležitosť nákupných kritérií pre zákazníkov. Riadenie výkonnosti podnikov automobilového priemyslu, model merania výkonnosti. 
610 2 0 |a priemysel automobilový 
610 2 0 |a kríza hospodárska 
610 2 0 |a výkonnosť 
610 2 0 |a riadenie 
100 1 |a Kicáková, Katarína